Mi país : (Record no. 20366)
[ view plain ]
| 000 -CABECERA | |
|---|---|
| campo de control de longitud fija | 01415nam a2200193 a 4500 |
| 001 - NÚMERO DE CONTROL | |
| campo de control | 000020863 |
| 005 - FECHA Y HORA DE LA ÚLTIMA TRANSACCIÓN | |
| campo de control | 20200930011159.0 |
| 008 - DATOS DE LONGITUD FIJA--INFORMACIÓN GENERAL | |
| campo de control de longitud fija | 100819s2003 dr ac 001 0 spa d |
| 020 ## - NÚMERO INTERNACIONAL ESTÁNDAR DEL LIBRO | |
| Número Internacional Estándar del Libro | 9993422398 |
| 040 ## - FUENTE DE LA CATALOGACIÓN | |
| Centro catalogador/agencia de origen | DO-SdBNP |
| Lengua de catalogación | spa |
| Centro/agencia transcriptor | BNPHU |
| 049 ## - FONDOS LOCALES (OCLC) | |
| Fondos de biblioteca | BNPD |
| 245 00 - MENCIÓN DE TÍTULO | |
| Título | Mi país : |
| Resto del título | la identidad del joven dominicano / |
| Mención de responsabilidad, etc. | Roberto Polanco. |
| 260 ## - PUBLICACIÓN, DISTRIBUCIÓN, ETC. | |
| Lugar de publicación, distribución, etc. | Santo Domingo : |
| Nombre del editor, distribuidor, etc. | Secretaría de Estado de la Juventud, |
| Fecha de publicación, distribución, etc. | 2003. |
| Fabricante | El Nuevo Diario |
| 300 ## - DESCRIPCIÓN FÍSICA | |
| Extensión | 693 p. : |
| Otras características físicas | il. ; |
| Dimensiones | 23 cm. |
| 504 ## - NOTA DE BIBLIOGRAFÍA, ETC. | |
| Nota de bibliografía, etc. | Incluye bibliografía (p. 693) |
| 505 2# - NOTA DE CONTENIDO CON FORMATO | |
| Nota de contenido con formato | Historia de Azua -- Historia de Bahoruco -- Historia de Dajabón -- Historia de SFM (Provincia Duarte) -- Historia de Elias Piña -- Historia de El Seibo -- Historia de Moca (Provincia Espalliat) -- Historia de La Altagracia -- Historia de La Romana -- Historia de La Vega -- Historia de Nagua (Provincia María Trinidad Sánchez) -- Historia de Montecristi-- Historia de Peravia -- Historia de Puerto Plata -- Historia de Salcedo -- Historia de Samana -- Historia de Cotuí (Provincia Sánchez Ramírez) Historia de San Cristóbal -- Historia de Ocoa (Provincia de San José de Ocoa) -- Historia de San Juan (Provincia de San Juan de la Maguana) -- Historia de San Pedro de Macorís -- Historia de Santiago -- Historia de Sabaneta (Provincia Santiago Rodriguez) -- Historia de Valverde |
| 700 1# - PUNTO DE ACCESO ADICIONAL--NOMBRE DE PERSONA | |
| Nombre de persona | Polanco, Roberto |
| 9 (RLIN) | 43733 |
| 710 1# - PUNTO DE ACCESO ADICIONAL--NOMBRE DE ENTIDAD CORPORATIVA | |
| Nombre de entidad corporativa o nombre de jurisdicción como elemento de entrada | Agencia de Cooperación Técnica Alemana |
| 9 (RLIN) | 43734 |
| Estado de retiro | Estado de pérdida | No para préstamo | Código de colección | Localización permanente | Ubicación/localización actual | Ubicación en estantería | Fecha de adquisición | Número de inventario | Total de préstamos | Signatura topográfica completa | Código de barras | Fecha visto por última vez | Precio válido a partir de | Tipo de ítem Koha |
|---|---|---|---|---|---|---|---|---|---|---|---|---|---|---|
| Excluido de préstamo | Patrimonio Dominicano | Patrimonio Dominicano | Patrimonio Dominicano | En catalogación | 19.08.2010 | LF1 | 20863-10 | 25.06.2020 | 25.06.2020 | Libro y Folleto Colección Patrimonio Dominicano |
